=LDR 00000nam 2200000 4500 =001 INLIS000000000040326 =005 20130612145908 =008 ***********************************Ind** =035 ##$$0010-061300000040326 =041 ##$$a Ind =082 ##$$a 813 =090 ##$$a 813, Les c.1 =100 ##$$a Lestari,V =245 ##$$a cinta yang terputus, V.Lestari =260 ##$$a 2011 $b Jakarta =300 ##$$a 520 hlm, 18cm =700 ##$$a Iwan Mangopang =850 ##$$a NBPNMAT